| 000 | 00000nam 2200000za 4500 |
| 001 | 9.847000 |
| 003 | CaOODSP |
| 005 | 20241203113640 |
| 007 | cr ||||||||||| |
| 008 | 171110s1983 onc fo f000 0 eng d |
| 040 | |aCaOODSP|beng |
| 043 | |an-cn--- |
| 086 | 1 |aEn13-5/83-25E-PDF |
| 100 | 1 |aMaguire, R. J. |q(R. James) |
| 245 | 10|aAnalysis, occurrence and fate of organotin compounds in the environment |h[electronic resource] / |cR. James Maguire. |
| 260 | |aBurlington, Ont. : |bEnvironment Canada, National Water Research Institute,|c1983. |
| 300 | |a46, [70] p. |
| 490 | 1 |a[NWRI contribution] ; |v83-25 |
| 500 | |a"December 1983". |
| 500 | |a"Report No. 8325". |
| 500 | |aDigitized edition from print [produced by Environment and Climate Change Canada]. |
| 520 | 3 |a"A review is presented of the analysis, occurrence and fate of organotin compounds in the environment. The state of the art in analytical instrumentation is generally adequate, although there are few published methods on media other than water. The main classes of organotin compounds likely to be found in the Canadian environment are methyl-, butyl-, phenyl- and cyclohexyltin compounds, and most of these species can be analyzed satisfactorily using existing methods; however, it is desirable to have a method which features continuous introduction of high pressure liquid chromatographic eluent into a suitable detector for those compounds, or conjugates, which are not volatile"--Abstract. |
| 692 | 07|2gccst|aWater quality |
| 692 | 07|2gccst|aWater management |
| 710 | 1 |aCanada. |bEnvironment Canada. |
| 710 | 2 |aNational Water Research Institute (Canada) |
| 830 | #0|aNWRI contribution ;|vno. 83-25|w(CaOODSP)9.844121 |
| 856 | 40|qPDF|s6.89 MB|uhttps://publications.gc.ca/collections/collection_2017/eccc/En13-5-83-25-eng.pdf |